00393ntaaa2200157 45000030003000000050017000030080021000200400037000410820017000781000032000952450015001272500010001422600048001523000010002006500025002100120251027202638.00714s1973 ag 01  aAR-BaBNbspacAR-BaBNeaacrdRIC a372.4000 J32 aJáuregui, Juan Francisco  aSemillitas a1 ed. aBuenos Aires : bEditorial Kapelusz, cn.f. a181 p acuentos para niños